| 000 | 00743nam a22002177a 4500 | ||
|---|---|---|---|
| 999 |
_c8745 _d8745 |
||
| 003 | AR-CdUCM | ||
| 008 | 190325b ||||| |||| 00| 0 spa d | ||
| 040 |
_aMUNICIPALIDAD PROVINCIAL DEL CUSCO _cBIBLIOTECA MUNICIPAL DEL CUSCO |
||
| 082 |
_a869.56 / _bR84 |
||
| 100 |
_aRose, Juan Gonzalo _914589 |
||
| 245 | _aCamino Real / | ||
| 260 |
_aLima : _bVoz de orden, _c1980. |
||
| 300 |
_a144 páginas ; _c20 cm. |
||
| 505 | _aContenido: Cantos desde lejos (1957) -- Simple canción -- Hallazgos y extravíos -- Zona de amor -- Retorno a las canciones. | ||
| 650 |
_aLiteratura Peruana _9132 |
||
| 650 |
_aSiglo XX _98 |
||
| 650 |
_aPoesía _9139 |
||
| 700 |
_aAguirre Aguirre, Eduardo (director) _924406 |
||
| 942 |
_2ddc _cLIBROS |
||
| 945 | _aachl | ||